Country by Tourist Attraction #1 - Statistics

General Stats
  • This quiz has been taken 1,262 times
  • The average score is 12 of 26
Answer Stats
Tourist Attraction Country % Correct
Great Barrier Reef Australia
94%
Great Wall China
94%
Great Pyramid of Giza Egypt
89%
Golden Gate Bridge United States
89%
Brandenburg Gate Germany
81%
Petra Jordan
79%
Cape of Good Hope South Africa
75%
Hagia Sophia Turkey
70%
St. Peter's Basilica Vatican City
65%
Schönbrunn Palace Austria
62%
Saint Basil's Cathedral Russia
60%
Blarney Stone Ireland
56%
Dome of the Rock Israel
50%
Plaza Mayor Spain
43%
Suomenlinna Finland
37%
Cu Chi Tunnels Vietnam
31%
Arenal Volcano Costa Rica
19%
Tikal Guatemala
19%
Mano de Punta del Este Uruguay
19%
Badshahi Mosque Pakistan
16%
Zuma Rock Nigeria
8%
Toompea Estonia
6%
Flaming Cliffs Mongolia
6%
Palace of Peace and ReconcilIation Kazakhstan
5%
Berca Mud Volcanoes Romania
5%
Mount Hombori Mali
4%
No matching quizzes found
Score Distribution
Percent of People with Each Score
Percentile by Number Answered
Your Score History
You have not taken this quiz